[Event "ENG-ch Senior Over 65"]
[Site "Kenilworth"]
[Date "2025.04.27"]
[Round "5.10"]
[White "Moore, John C"]
[Black "Pickersgill, Adrian O"]
[Result "1/2-1/2"]
[WhiteElo "1938"]
[BlackElo "1940"]
[PlyCount "76"]
[EventDate "2025.04.24"]
[EventType "swiss"]
[EventRounds "7"]
[EventCountry "ENG"]
[SourceTitle "BritBase"]
[Source "John Saunders"]
[SourceDate "1997.08.31"]
[SourceVersion "1"]
[SourceVersionDate "1997.08.31"]
[SourceQuality "1"]

1. e4 d6 2. Nc3 Nf6 3. g3 c6 4. Bg2 e5 5. Nge2 Be7 6. O-O O-O 7. d4 Qc7 8. h3 Nbd7 9. Be3 b5 10. a3 Bb7 11. g4 Rfd8 12. Ng3 a6 13. g5 Ne8 14. Nf5 Bf8 15. f4 Nb6 16. b3 Nc8 17. Qf3 exd4 18. Bxd4 Ne7 19. Nxe7+ Qxe7 20. Ne2 c5 21. Bb2 f5 22. gxf6 Nxf6 23. Ng3 Rab8 24. Rae1 Qf7 25. Qc3 d5 26. e5 d4 27. Qd2 Nd5 28. f5 Ne3 29. e6 Qc7 30. Rxe3 dxe3 31. Qxe3 Bxg2 32. Kxg2 Rb7 33. Qg5 Re8 34. Nh5 Qe7 35. Bf6 Qd6 36. Bc3 Qe7 37. Bf6 Qd6 38. Bb2 Qe7 1/2-1/2

[Event "ENG-ch Senior Over 65"]
[Site "Kenilworth"]
[Date "2025.04.27"]
[Round "5.11"]
[White "Leeson, Chris JP"]
[Black "Bray, Dave J"]
[Result "1/2-1/2"]
[WhiteElo "1750"]
[BlackElo "1966"]
[PlyCount "69"]
[EventDate "2025.04.24"]
[EventType "swiss"]
[EventRounds "7"]
[EventCountry "ENG"]
[SourceTitle "BritBase"]
[Source "John Saunders"]
[SourceDate "1997.08.31"]
[SourceVersion "1"]
[SourceVersionDate "1997.08.31"]
[SourceQuality "1"]

1. d4 Nf6 2. e3 d5 3. Bd3 c5 4. c3 Nc6 5. Nd2 e5 6. dxe5 Nxe5 7. Bb5+ Bd7 8. Bxd7+ Qxd7 9. Ndf3 Nc6 10. Ne2 Be7 11. O-O O-O 12. Qb3 Rfd8 13. Rd1 Qc7 14. Bd2 b5 15. Be1 Rab8 16. Rac1 a5 17. Nf4 a4 18. Qc2 Bd6 19. g3 Bxf4 20. exf4 Re8 21. Bd2 Qd7 22. Kg2 Rbc8 23. Re1 Rxe1 24. Rxe1 d4 25. cxd4 Nxd4 26. Nxd4 Qxd4 27. Bc3 Qc4 28. b3 axb3 29. axb3 Qd5+ 30. f3 c4 31. Bxf6 gxf6 32. Rd1 Qc6 33. bxc4 bxc4 34. Qc3 Rb8 35. Rc1 1/2-1/2

[Event "ENG-ch Senior Over 65"]
[Site "Kenilworth"]
[Date "2025.04.27"]
[Round "5.12"]
[White "Bellers, Chris JV"]
[Black "Winter, Kevin"]
[Result "1/2-1/2"]
[WhiteElo "1926"]
[BlackElo "1751"]
[PlyCount "61"]
[EventDate "2025.04.24"]
[EventType "swiss"]
[EventRounds "7"]
[EventCountry "ENG"]
[SourceTitle "BritBase"]
[Source "John Saunders"]
[SourceDate "1997.08.31"]
[SourceVersion "1"]
[SourceVersionDate "1997.08.31"]
[SourceQuality "1"]

1. c4 e5 2. g3 Nc6 3. Nc3 g6 4. Bg2 Bg7 5. e4 d6 6. d3 f5 7. Nge2 Nf6 8. O-O O-O 9. f4 fxe4 10. dxe4 Bd7 11. h3 a5 12. Be3 b6 13. Qd2 exf4 14. gxf4 Rc8 15. Nd5 Nxd5 16. cxd5 Na7 17. Rad1 Qe7 18. Bd4 Bh6 19. b3 Nb5 20. Bb2 Bg7 21. Bxg7 Qxg7 22. a4 Na7 23. Nd4 Qe7 24. Rde1 c5 25. dxc6 Nxc6 26. Nb5 Nb4 27. Qxd6 Qxd6 28. Nxd6 Rc3 29. Nc4 Bxh3 30. e5 Bxg2 31. Kxg2 1/2-1/2

[Event "ENG-ch Senior Over 65"]
[Site "Kenilworth"]
[Date "2025.04.27"]
[Round "5.13"]
[White "Erdogan, Hassan"]
[Black "Waters, Andrew C"]
[Result "0-1"]
[WhiteElo "1806"]
[BlackElo "1841"]
[PlyCount "54"]
[EventDate "2025.04.24"]
[EventType "swiss"]
[EventRounds "7"]
[EventCountry "ENG"]
[SourceTitle "BritBase"]
[Source "John Saunders"]
[SourceDate "1997.08.31"]
[SourceVersion "1"]
[SourceVersionDate "1997.08.31"]
[SourceQuality "1"]

1. d4 f5 2. Bg5 h6 3. Bh4 g5 4. Bg3 Bg7 5. e3 Nf6 6. Bd3 d5 7. h4 g4 8. h5 Nc6 9. c3 O-O 10. Ne2 Ne4 11. Bxe4 fxe4 12. Nf4 Bf5 13. Qb3 e6 14. Qxb7 Qd7 15. Qb3 Rab8 16. Qc2 e5 17. dxe5 Nxe5 18. O-O Nd3 19. Nxd3 exd3 20. Qd2 Be4 21. Na3 Rf5 22. b4 Qf7 23. Rac1 Qxh5 24. f4 gxf3 25. gxf3 Rxf3 26. Qh2 Rxg3+ 27. Qxg3 Qh1+ 0-1

[Event "ENG-ch Senior Over 65"]
[Site "Kenilworth"]
[Date "2025.04.27"]
[Round "5.14"]
[White "Tucker, David S"]
[Black "Goodwin, Ed H"]
[Result "1/2-1/2"]
[WhiteElo "1904"]
[BlackElo "1876"]
[PlyCount "185"]
[EventDate "2025.04.24"]
[EventType "swiss"]
[EventRounds "7"]
[EventCountry "ENG"]
[SourceTitle "BritBase"]
[Source "John Saunders"]
[SourceDate "1997.08.31"]
[SourceVersion "1"]
[SourceVersionDate "1997.08.31"]
[SourceQuality "1"]

1. e4 e6 2. d4 d5 3. Nc3 Bb4 4. a3 Bxc3+ 5. bxc3 dxe4 6. Qg4 Nf6 7. Qxg7 Rg8 8. Qh6 Rg6 9. Qd2 Nbd7 10. Bb2 b6 11. Ne2 Bb7 12. Ng3 Qe7 13. a4 Qf8 14. a5 Qh6 15. Qxh6 Rxh6 16. axb6 cxb6 17. Bc1 Rg6 18. Be2 h5 19. Rg1 h4 20. Nf1 a5 21. Ne3 Kf8 22. c4 e5 23. c3 Ba6 24. Kf1 Kg8 25. Nf5 Kh7 26. Nxh4 Rgg8 27. Nf5 Rac8 28. Ne7 Bxc4 29. Bxc4 Rxc4 30. Nxg8 Kxg8 31. Bb2 Nd5 32. dxe5 Nxe5 33. Ke2 Nd3 34. Rgb1 Nxb2 35. Rxb2 Nxc3+ 36. Ke1 Nd5 37. h4 Nb4 38. Ke2 e3 39. fxe3 Rxh4 40. Rd1 Rg4 41. Kf3 Rg6 42. Rbd2 Rf6+ 43. Ke2 Rg6 44. Rd6 Rxg2+ 45. Kf3 Rc2 46. Rxb6 Rc5 47. Rd8+ Kg7 48. Rdb8 Nc6 49. Ra8 Ne5+ 50. Ke4 Ng6 51. Rba6 Nf8 52. Rxa5 Rxa5 53. Rxa5 Ne6 54. Ke5 Nf8 55. e4 Ng6+ 56. Kd6 Kf6 57. e5+ Kg7 58. Ra7 Kf8 59. Ra8+ Kg7 60. Re8 Kh7 61. Kd5 Kg7 62. Ke4 Kh7 63. Ra8 Kg7 64. Ra7 Kf8 65. Rd7 Ne7 66. Rd8+ Kg7 67. Re8 Ng6 68. Rb8 Kh7 69. Kd5 Kg7 70. Kd6 Kh7 71. Rb7 Kg8 72. e6 fxe6 73. Kxe6 Nf8+ 74. Kf6 Nh7+ 75. Kg6 Nf8+ 76. Kh6 Ne6 77. Re7 Nf8 78. Rg7+ Kh8 79. Rg1 Nh7 80. Rg7 Nf8 81. Ra7 Kg8 82. Rb7 Kh8 83. Kg5 Kg8 84. Kf6 Nh7+ 85. Ke7 Kg7 86. Rb1 Kg6 87. Rg1+ Ng5 88. Rg2 Kf5 89. Rf2+ Kg4 90. Rf1 Nf3 91. Kf6 Kf4 92. Ra1 Ke4 93. Ra4+ 1/2-1/2

[Event "ENG-ch Senior Over 65"]
[Site "Kenilworth"]
[Date "2025.04.27"]
[Round "5.15"]
[White "Neatherway, A Philip"]
[Black "O'Gorman, Brendan"]
[Result "1-0"]
[WhiteElo "1761"]
[BlackElo "1681"]
[PlyCount "73"]
[EventDate "2025.04.24"]
[EventType "swiss"]
[EventRounds "7"]
[EventCountry "ENG"]
[SourceTitle "BritBase"]
[Source "John Saunders"]
[SourceDate "1997.08.31"]
[SourceVersion "1"]
[SourceVersionDate "1997.08.31"]
[SourceQuality "1"]

1. e4 c6 2. d4 d5 3. exd5 cxd5 4. c4 dxc4 5. Nf3 Bg4 6. Bxc4 e6 7. Nc3 Nf6 8. h3 Bh5 9. g4 Bg6 10. Qe2 Be7 11. Bf4 O-O 12. Rd1 Nd5 13. Bg3 Nc6 14. h4 h6 15. h5 Bh7 16. a3 Rc8 17. g5 Bxg5 18. Nxg5 Qxg5 19. Bh4 Qg2 20. Rf1 Nxc3 21. bxc3 Qe4 22. Qxe4 Bxe4 23. Bd3 Bf3 24. Rb1 Na5 25. Rg1 Bxh5 26. Rb5 Rxc3 27. Kd2 Rxa3 28. Rxh5 Nb3+ 29. Ke3 f5 30. Be7 f4+ 31. Kf3 Nd2+ 32. Ke2 Rxd3 33. Kxd3 Nf3 34. Bxf8 Nxg1 35. Bd6 f3 36. Ke3 Ne2 37. Be5 1-0

[Event "ENG-ch Senior Over 65"]
[Site "Kenilworth"]
[Date "2025.04.27"]
[Round "5.16"]
[White "Morrish, John"]
[Black "Clarke, Duncan"]
[Result "1-0"]
[WhiteElo "1786"]
[BlackElo "1541"]
[PlyCount "45"]
[EventDate "2025.04.24"]
[EventType "swiss"]
[EventRounds "7"]
[EventCountry "ENG"]
[SourceTitle "BritBase"]
[Source "John Saunders"]
[SourceDate "1997.08.31"]
[SourceVersion "1"]
[SourceVersionDate "1997.08.31"]
[SourceQuality "1"]

1. e4 d6 2. d4 e5 3. d5 Nd7 4. Nc3 c6 5. Nf3 Ngf6 6. Be2 Be7 7. O-O h6 8. h3 Nc5 9. Nd2 a6 10. b4 Ncd7 11. Nc4 cxd5 12. Nxd5 Nxe4 13. Bf3 Nef6 14. Nxe7 Qxe7 15. Nxd6+ Kd8 16. Be3 Kc7 17. Nf5 Qf8 18. Qd3 g6 19. Ng3 Qd6 20. Qc3+ Kb8 21. b5 a5 22. b6 Qb4 23. Qc7# 1-0

[Event "ENG-ch Senior Over 65"]
[Site "Kenilworth"]
[Date "2025.04.27"]
[Round "5.17"]
[White "Robinson, Steve"]
[Black "Collins, Nigel"]
[Result "0-1"]
[WhiteElo "1580"]
[BlackElo "1577"]
[PlyCount "134"]
[EventDate "2025.04.24"]
[EventType "swiss"]
[EventRounds "7"]
[EventCountry "ENG"]
[SourceTitle "BritBase"]
[Source "John Saunders"]
[SourceDate "1997.08.31"]
[SourceVersion "1"]
[SourceVersionDate "1997.08.31"]
[SourceQuality "1"]

1. c4 g6 2. g3 Bg7 3. Nc3 c5 4. Bg2 Nc6 5. e3 e5 6. Nge2 Nge7 7. O-O O-O 8. a3 d6 9. h3 Be6 10. d3 Qd7 11. Kh2 Rab8 12. Nd5 b5 13. e4 Nd4 14. Nxd4 cxd4 15. Bh6 bxc4 16. Rb1 Bxd5 17. Bxg7 Kxg7 18. exd5 cxd3 19. Qxd3 Qb5 20. Rfd1 Qxd3 21. Rxd3 Rb5 22. a4 Rb4 23. b3 f5 24. Rbd1 Rfb8 25. f4 e4 26. Rxd4 Rxb3 27. Bxe4 fxe4 28. Rxe4 Nf5 29. g4 Rb2+ 30. Kg1 Rb1 31. Rxb1 Rxb1+ 32. Kf2 Rb2+ 33. Kg1 Nh6 34. Re7+ Nf7 35. Rxa7 Rb4 36. a5 Rxf4 37. Rb7 Ra4 38. Rb5 Kf6 39. Kg2 Ke5 40. Rb7 Kf6 41. Rb5 Ne5 42. Kg3 Nc4 43. a6 Rxa6 44. Rb4 Ne5 45. Rf4+ Ke7 46. g5 Ra3+ 47. Kh4 Rd3 48. Ra4 Rxd5 49. Ra7+ Nd7 50. Ra8 Rd4+ 51. Kg3 Rd3+ 52. Kg2 Rd5 53. h4 Rf5 54. Kg3 Rf7 55. Ra5 Ne5 56. Ra7+ Ke6 57. Ra6 Kd5 58. Ra5+ Kc4 59. Ra4+ Kb5 60. Rd4 Kc5 61. Rd1 Rf3+ 62. Kg2 Rf4 63. Rc1+ Nc4 64. Kg3 Rf7 65. Kg4 d5 66. h5 d4 67. Rd1 Ne3+ 0-1

[Event "ENG-ch Senior Over 65"]
[Site "Kenilworth"]
[Date "2025.04.27"]
[Round "5.18"]
[White "Morris, Nigel W"]
[Black "Carpenter, David J"]
[Result "0-1"]
[WhiteElo "1611"]
[BlackElo "1624"]
[PlyCount "64"]
[EventDate "2025.04.24"]
[EventType "swiss"]
[EventRounds "7"]
[EventCountry "ENG"]
[SourceTitle "BritBase"]
[Source "John Saunders"]
[SourceDate "1997.08.31"]
[SourceVersion "1"]
[SourceVersionDate "1997.08.31"]
[SourceQuality "1"]

1. c4 g6 2. Nc3 Bg7 3. e4 c5 4. Nge2 Nc6 5. g3 Nf6 6. Bg2 O-O 7. d3 d6 8. O-O a6 9. h3 Rb8 10. f4 e5 11. f5 h5 12. Bg5 Qe8 13. a4 Ne7 14. fxg6 fxg6 15. Qd2 Kh7 16. Rf2 Be6 17. Rb1 Qd7 18. Kh2 Ng4+ 19. hxg4 Rxf2 20. gxh5 gxh5 21. Nd1 Rf7 22. b3 Nc6 23. Nec3 Rbf8 24. Rb2 Nd4 25. Qe3 Nf3+ 26. Bxf3 Rxf3 27. Qd2 Qf7 28. Ne2 Rf1 29. Ng1 Rxg1 30. Kxg1 Qf1+ 31. Kh2 Qh3+ 32. Kg1 Rf1# 0-1

[Event "ENG-ch Senior Over 65"]
[Site "Kenilworth"]
[Date "2025.04.27"]
[Round "6.1"]
[White "Littlewood, Paul E"]
[Black "Townsend, M Paul"]
[Result "1/2-1/2"]
[WhiteElo "2323"]
[BlackElo "2149"]
[PlyCount "24"]
[EventDate "2025.04.24"]
[EventType "swiss"]
[EventRounds "7"]
[EventCountry "ENG"]
[SourceTitle "BritBase"]
[Source "John Saunders"]
[SourceDate "1997.08.31"]
[SourceVersion "1"]
[SourceVersionDate "1997.08.31"]
[SourceQuality "1"]

1. e4 e6 2. d4 d5 3. e5 c5 4. c3 Bd7 5. Nf3 Nc6 6. a3 Nge7 7. b4 cxd4 8. cxd4 Nf5 9. Nc3 Rc8 10. Bb2 Nh4 11. Ng1 Nf5 12. Nf3 Nh4 1/2-1/2

[Event "ENG-ch Senior Over 65"]
[Site "Kenilworth"]
[Date "2025.04.27"]
[Round "6.2"]
[White "Myall, Ivan J"]
[Black "Snape, Ian L"]
[Result "1/2-1/2"]
[WhiteElo "1913"]
[BlackElo "2098"]
[PlyCount "142"]
[EventDate "2025.04.24"]
[EventType "swiss"]
[EventRounds "7"]
[EventCountry "ENG"]
[SourceTitle "BritBase"]
[Source "John Saunders"]
[SourceDate "1997.08.31"]
[SourceVersion "1"]
[SourceVersionDate "1997.08.31"]
[SourceQuality "1"]

1. e4 d6 2. d4 Nf6 3. Nc3 Nbd7 4. f4 e5 5. Nf3 exd4 6. Qxd4 c6 7. Bd2 d5 8. exd5 Bc5 9. Qd3 O-O 10. O-O-O cxd5 11. Nxd5 Nb6 12. Nxf6+ Qxf6 13. Ng5 Bf5 14. Qf3 Bd4 15. Bc3 Bxc3 16. bxc3 Rac8 17. Ne4 Bxe4 18. Qxe4 Qxc3 19. Bd3 g6 20. Qe5 Qb4 21. Qb2 Qxf4+ 22. Rd2 Rfd8 23. Rf1 Qxd2+ 24. Kxd2 Nc4+ 25. Kc1 Nxb2 26. Kxb2 Kg7 27. Rf4 Rd6 28. Ra4 a6 29. Rb4 Rc7 30. a4 f5 31. g3 Kf6 32. Rf4 Ke5 33. Kb3 Rd4 34. Rf1 Kf6 35. Rf3 h5 36. h3 Re7 37. c3 Rd5 38. g4 hxg4 39. hxg4 Kg5 40. gxf5 gxf5 41. Bc4 Rd6 42. Rg3+ Kf4 43. Rg1 Re4 44. Rf1+ Ke3 45. Bg8 Rb6+ 46. Ka3 Rf4 47. Rd1 Rf2 48. Bc4 f4 49. Rd3+ Ke4 50. Rd7 Ke5 51. Rd5+ Kf6 52. a5 Rc6 53. Kb3 b5 54. axb6 Rxb6+ 55. Ka3 Rf3 56. Bd3 Ke6 57. Rd4 Re3 58. Bc4+ Kf5 59. Bg8 Rxc3+ 60. Ka2 Rc5 61. Ka1 Ra5+ 62. Ba2 Ke5 63. Rd8 Rb4 64. Re8+ Kd4 65. Re4+ Kc5 66. Re5+ Kb6 67. Re6+ Kb5 68. Re5+ Kb6 69. Re6+ Kc7 70. Rc6+ Kb7 71. Rb6+ Kc7 1/2-1/2

[Event "ENG-ch Senior Over 65"]
[Site "Kenilworth"]
[Date "2025.04.27"]
[Round "6.3"]
[White "Baker, Chris W"]
[Black "Habershon, Paul F"]
[Result "1-0"]
[WhiteElo "2151"]
[BlackElo "1936"]
[PlyCount "27"]
[EventDate "2025.04.24"]
[EventType "swiss"]
[EventRounds "7"]
[EventCountry "ENG"]
[SourceTitle "BritBase"]
[Source "John Saunders"]
[SourceDate "1997.08.31"]
[SourceVersion "1"]
[SourceVersionDate "1997.08.31"]
[SourceQuality "1"]

1. Nf3 d5 2. c4 e6 3. d4 Nf6 4. g3 Be7 5. Bg2 O-O 6. O-O Nbd7 7. Qc2 c5 8. dxc5 Nxc5 9. Be3 Bd7 10. cxd5 Rc8 11. dxe6 Bxe6 12. Nc3 Qa5 13. Ng5 Bg4 14. Nd5 1-0

[Event "ENG-ch Senior Over 65"]
[Site "Kenilworth"]
[Date "2025.04.27"]
[Round "6.4"]
[White "Dilleigh, Stephen P"]
[Black "Jackson, Oliver A"]
[Result "1-0"]
[WhiteElo "2024"]
[BlackElo "2036"]
[PlyCount "57"]
[EventDate "2025.04.24"]
[EventType "swiss"]
[EventRounds "7"]
[EventCountry "ENG"]
[SourceTitle "BritBase"]
[Source "John Saunders"]
[SourceDate "1997.08.31"]
[SourceVersion "1"]
[SourceVersionDate "1997.08.31"]
[SourceQuality "1"]

1. Nf3 Nf6 2. c4 g6 3. Nc3 Bg7 4. e4 d6 5. d4 O-O 6. Be2 Bg4 7. Be3 Nfd7 8. Rc1 e5 9. d5 Bxf3 10. Bxf3 f5 11. Qc2 a5 12. a3 Na6 13. Rb1 b6 14. b4 axb4 15. axb4 f4 16. Bd2 Nf6 17. h3 h5 18. Qd1 Qe8 19. g4 fxg3 20. fxg3 Qd7 21. Be3 Rf7 22. Be2 Nh7 23. g4 h4 24. Ra1 Rff8 25. Ra4 Qc8 26. Qb3 Kh8 27. Kd2 c5 28. dxc6 Qxc6 29. Rxa6 1-0

[Event "ENG-ch Senior Over 65"]
[Site "Kenilworth"]
[Date "2025.04.27"]
[Round "6.5"]
[White "Spanton, Tim R"]
[Black "Moore, Geoffrey R"]
[Result "1/2-1/2"]
[WhiteElo "1922"]
[BlackElo "1983"]
[PlyCount "139"]
[EventDate "2025.04.24"]
[EventType "swiss"]
[EventRounds "7"]
[EventCountry "ENG"]
[SourceTitle "BritBase"]
[Source "John Saunders"]
[SourceDate "1997.08.31"]
[SourceVersion "1"]
[SourceVersionDate "1997.08.31"]
[SourceQuality "1"]

1. e4 e5 2. Nf3 Nc6 3. Bb5 Nge7 4. Nc3 a6 5. Bc4 Ng6 6. d4 Be7 7. d5 Nb8 8. Be3 d6 9. h3 Nd7 10. Qd2 O-O 11. Ne2 c5 12. dxc6 bxc6 13. Bb3 Nf6 14. Nc3 Qc7 15. Rd1 Bb7 16. O-O Rad8 17. Bg5 Nh5 18. g3 Nf6 19. Qe2 h6 20. Bxf6 Bxf6 21. Rd2 Rfe8 22. Rfd1 Nf8 23. Bc4 Ne6 24. Bxe6 Rxe6 25. Qc4 Qc8 26. Kh2 Be7 27. Kg2 Rf8 28. Kh2 Kh8 29. Qd3 Rg6 30. Re1 f5 31. exf5 Qxf5 32. Qxf5 Rxf5 33. Re3 Rgf6 34. Kg2 Rf8 35. g4 R5f7 36. Kg3 Rd8 37. Red3 Rff8 38. Nh4 Bxh4+ 39. Kxh4 d5 40. Ne4 Rf4 41. Nc5 Bc8 42. f3 Rc4 43. Ne4 Kg8 44. a3 Rf8 45. Nd6 Rcf4 46. Nxc8 Rxc8 47. Rc3 e4 48. fxe4 dxe4 49. Re2 g5+ 50. Kg3 Kf7 51. h4 Ke6 52. hxg5 hxg5 53. Rh2 Kd5 54. Rh6 Rcf8 55. Rg6 Rf3+ 56. Rxf3 Rxf3+ 57. Kg2 Rf8 58. Rxg5+ Kd4 59. Rg6 Ke3 60. Re6 Rf2+ 61. Kg1 Rxc2 62. g5 Rxb2 63. Rxc6 Rb5 64. Rxa6 Rxg5+ 65. Kf1 Rf5+ 66. Ke1 Rf2 67. Rb6 Re2+ 68. Kf1 Ra2 69. Rb3+ Kf4 70. Ke1 1/2-1/2

[Event "ENG-ch Senior Over 65"]
[Site "Kenilworth"]
[Date "2025.04.27"]
[Round "6.6"]
[White "Bonafont, Philip R"]
[Black "Hall, Alan A"]
[Result "1/2-1/2"]
[WhiteElo "1976"]
[BlackElo "1780"]
[PlyCount "129"]
[EventDate "2025.04.24"]
[EventType "swiss"]
[EventRounds "7"]
[EventCountry "ENG"]
[SourceTitle "BritBase"]
[Source "John Saunders"]
[SourceDate "1997.08.31"]
[SourceVersion "1"]
[SourceVersionDate "1997.08.31"]
[SourceQuality "1"]

1. e4 e5 2. Nf3 Nf6 3. Nxe5 d6 4. Nf3 Nxe4 5. d4 d5 6. Bd3 Bd6 7. O-O O-O 8. Re1 Re8 9. c4 c6 10. Qb3 a5 11. Nc3 Nxc3 12. Rxe8+ Qxe8 13. bxc3 dxc4 14. Bxc4 a4 15. Qc2 b5 16. Bd3 g6 17. Bh6 Bg4 18. Re1 Qd7 19. Ne5 Bxe5 20. Rxe5 Be6 21. Qe2 Na6 22. Bxb5 cxb5 23. Rxb5 Re8 24. Re5 Nc7 25. Qf3 Bf5 26. Qe3 f6 27. Rxe8+ Qxe8 28. c4 Qxe3 29. fxe3 Bb1 30. Bf4 Ne6 31. a3 Nxf4 32. exf4 Ba2 33. c5 Bd5 34. Kf2 Kf7 35. g3 Ke6 36. Ke3 Bc6 37. Kd3 Kd5 38. Kc3 Bd7 39. Kd3 Bf5+ 40. Kc3 h5 41. Kb4 Bd7 42. Kc3 h4 43. Kd3 hxg3 44. hxg3 Bf5+ 45. Kc3 Bd7 46. Kd3 Bb5+ 47. Kc3 g5 48. fxg5 fxg5 49. Kb4 Bd7 50. Kc3 Ke4 51. Kc4 Be6+ 52. Kb4 Kxd4 53. c6 Ke3 54. Kxa4 Kf3 55. Kb5 Kxg3 56. a4 g4 57. a5 Kh2 58. a6 g3 59. a7 g2 60. a8=Q g1=Q 61. Qh8+ Bh3 62. Qe5+ Qg3 63. Qxg3+ Kxg3 64. Kb6 Kf4 65. Kc5 1/2-1/2

[Event "ENG-ch Senior Over 65"]
[Site "Kenilworth"]
[Date "2025.04.27"]
[Round "6.7"]
[White "Campbell, Ian"]
[Black "Jackson, Sheila"]
[Result "1/2-1/2"]
[WhiteElo "1959"]
[BlackElo "2031"]
[PlyCount "55"]
[EventDate "2025.04.24"]
[EventType "swiss"]
[EventRounds "7"]
[EventCountry "ENG"]
[SourceTitle "BritBase"]
[Source "John Saunders"]
[SourceDate "1997.08.31"]
[SourceVersion "1"]
[SourceVersionDate "1997.08.31"]
[SourceQuality "1"]

1. d4 Nf6 2. Nf3 g6 3. b3 Bg7 4. Bb2 O-O 5. e3 c5 6. Nbd2 b6 7. c4 d6 8. Be2 Bb7 9. O-O Nbd7 10. Qc2 cxd4 11. Nxd4 Rc8 12. Rac1 a6 13. Qb1 Re8 14. Bf3 Qc7 15. Bxb7 Qxb7 16. Rfd1 h5 17. N4f3 Nc5 18. b4 Na4 19. Ba1 b5 20. Qb3 Ne4 21. Nxe4 Qxe4 22. cxb5 axb5 23. Qxf7+ Kxf7 24. Ng5+ Kg8 25. Nxe4 Bxa1 26. Rxa1 Rc4 27. Nd2 Rxb4 28. Rdb1 1/2-1/2

[Event "ENG-ch Senior Over 65"]
[Site "Kenilworth"]
[Date "2025.04.27"]
[Round "6.8"]
[White "Moore, John C"]
[Black "Leeson, Chris JP"]
[Result "1-0"]
[WhiteElo "1938"]
[BlackElo "1750"]
[PlyCount "55"]
[EventDate "2025.04.24"]
[EventType "swiss"]
[EventRounds "7"]
[EventCountry "ENG"]
[SourceTitle "BritBase"]
[Source "John Saunders"]
[SourceDate "1997.08.31"]
[SourceVersion "1"]
[SourceVersionDate "1997.08.31"]
[SourceQuality "1"]

1. e4 e5 2. Nf3 Nf6 3. Nxe5 d6 4. Nf3 Nxe4 5. Nc3 Nf6 6. d4 Be7 7. Bd3 O-O 8. O-O Bg4 9. h3 Bh5 10. Bf4 c6 11. Re1 Re8 12. Ne4 Nbd7 13. Nxd6 Bxd6 14. Bxd6 Rxe1+ 15. Qxe1 Bxf3 16. gxf3 Nb6 17. Be5 Nh5 18. Qe4 g6 19. Kh2 Qe7 20. Bg3 Qd7 21. Re1 Nd5 22. c3 Rd8 23. Bc4 Nhf6 24. Qh4 Qf5 25. Bxd5 Rxd5 26. Be5 Kg7 27. Qe4 Qh5 28. Qf4 1-0

[Event "ENG-ch Senior Over 65"]
[Site "Kenilworth"]
[Date "2025.04.27"]
[Round "6.9"]
[White "Pickersgill, Adrian O"]
[Black "De Coverly, Roger D"]
[Result "0-1"]
[WhiteElo "1940"]
[BlackElo "1918"]
[PlyCount "92"]
[EventDate "2025.04.24"]
[EventType "swiss"]
[EventRounds "7"]
[EventCountry "ENG"]
[SourceTitle "BritBase"]
[Source "John Saunders"]
[SourceDate "1997.08.31"]
[SourceVersion "1"]
[SourceVersionDate "1997.08.31"]
[SourceQuality "1"]

1. e4 e5 2. Nf3 Nc6 3. Bc4 Nf6 4. d3 Be7 5. O-O O-O 6. c3 d6 7. Bb3 Na5 8. Bc2 c5 9. Nbd2 a6 10. Re1 b5 11. Nf1 Re8 12. Ng3 h6 13. h3 Bf8 14. Be3 d5 15. Qe2 d4 16. Bd2 Bb7 17. Nh2 Rc8 18. Ng4 dxc3 19. bxc3 c4 20. Nxf6+ Qxf6 21. d4 exd4 22. cxd4 c3 23. Be3 g6 24. Rad1 Nc4 25. e5 Qh4 26. Qg4 Qxg4 27. hxg4 Bd5 28. Ne4 Bxe4 29. Bxe4 b4 30. Bb7 Rc7 31. Bxa6 Nxe3 32. fxe3 Ra8 33. Bd3 Rxa2 34. d5 b3 35. d6 Rc8 36. d7 Rd8 37. Bc4 Rb2 38. e6 c2 39. Rc1 fxe6 40. Bxe6+ Kh8 41. Kf1 Bb4 42. Ke2 Bxe1 43. Kxe1 Kg7 44. g5 hxg5 45. Kd2 Kf6 46. Bg4 Ke7 0-1

[Event "ENG-ch Senior Over 65"]
[Site "Kenilworth"]
[Date "2025.04.27"]
[Round "6.10"]
[White "Bray, Dave J"]
[Black "Johnson, Richard J"]
[Result "1/2-1/2"]
[WhiteElo "1966"]
[BlackElo "1868"]
[PlyCount "69"]
[EventDate "2025.04.24"]
[EventType "swiss"]
[EventRounds "7"]
[EventCountry "ENG"]
[SourceTitle "BritBase"]
[Source "John Saunders"]
[SourceDate "1997.08.31"]
[SourceVersion "1"]
[SourceVersionDate "1997.08.31"]
[SourceQuality "1"]

1. e4 c5 2. c3 Nf6 3. e5 Nd5 4. d4 cxd4 5. Nf3 e6 6. cxd4 b6 7. Nc3 Nxc3 8. bxc3 Qc7 9. Qc2 Bb7 10. Be2 Nc6 11. O-O Rc8 12. Bb2 Be7 13. Rac1 O-O 14. c4 d6 15. exd6 Bxd6 16. d5 Ne5 17. Ng5 Ng6 18. h4 Bf4 19. Rcd1 exd5 20. Nxh7 Kxh7 21. h5 Bh2+ 22. Kh1 Rh8 23. hxg6+ Kg8 24. gxf7+ Qxf7 25. Bg4 Rxc4 26. Qe2 Re4 27. Qf3 Qxf3 28. Bxf3 Be5+ 29. Kg1 Bxb2 30. Bxe4 dxe4 31. Rd7 Ba6 32. Rfd1 Rh5 33. Rxa7 Ra5 34. Rd8+ Kh7 35. Rda8 1/2-1/2

[Event "ENG-ch Senior Over 65"]
[Site "Kenilworth"]
[Date "2025.04.27"]
[Round "6.11"]
[White "Hawkins, James N"]
[Black "Bellers, Chris JV"]
[Result "0-1"]
[WhiteElo "1931"]
[BlackElo "1926"]
[PlyCount "92"]
[EventDate "2025.04.24"]
[EventType "swiss"]
[EventRounds "7"]
[EventCountry "ENG"]
[SourceTitle "BritBase"]
[Source "John Saunders"]
[SourceDate "1997.08.31"]
[SourceVersion "1"]
[SourceVersionDate "1997.08.31"]
[SourceQuality "1"]

1. e4 g6 2. d4 Bg7 3. Nf3 c5 4. c3 cxd4 5. cxd4 d5 6. e5 Nc6 7. Nc3 Bg4 8. Be2 Nh6 9. h3 Bxf3 10. Bxf3 Nf5 11. Bxd5 Nfxd4 12. Bxc6+ bxc6 13. f4 O-O 14. Be3 Nf5 15. Qxd8 Rfxd8 16. Bf2 f6 17. g4 Nd4 18. O-O-O fxe5 19. fxe5 Bxe5 20. Rhe1 Bf4+ 21. Kb1 e5 22. Bxd4 exd4 23. Na4 Be3 24. Nc5 Rd5 25. Ne6 Rc8 26. Rf1 c5 27. Nf4 Rd7 28. Ng2 Bh6 29. b3 Rf8 30. Rxf8+ Kxf8 31. Rf1+ Ke7 32. Nf4 Kd6 33. Nd3 Bg7 34. Kc2 Re7 35. Rf2 a5 36. h4 h6 37. Kd2 Re4 38. Rf7 Be5 39. g5 Rxh4 40. Nxe5 Kxe5 41. gxh6 Rxh6 42. a4 g5 43. Ra7 g4 44. Rxa5 Kd5 45. Ra7 Rg6 46. a5 g3 0-1